5HLuxD.jpg

KING HENRY VIII SENIOR AND PRIMARY SCHOOL LIBRARY OPAC

Reading Explorer. (Record no. 3430)

000 -LEADER
fixed length control field 00967cam a2200301 a 4500
001 - CONTROL NUMBER
control field .b25882132
003 - CONTROL NUMBER IDENTIFIER
control field OSt
005 - DATE AND TIME OF LATEST TRANSACTION
control field 20240108115729.0
008 - FIXED-LENGTH DATA ELEMENTS--GENERAL INFORMATION
fixed length control field 160601s2016 mauab 000 0 eng d
020 ## - INTERNATIONAL STANDARD BOOK NUMBER
International Standard Book Number 9781285847047
Qualifying information (pbk.)
020 ## - INTERNATIONAL STANDARD BOOK NUMBER
International Standard Book Number 9781285847047
Qualifying information (pbk.)
040 ## - CATALOGING SOURCE
Original cataloging agency NTNU
Transcribing agency NTNU
Modifying agency RDI
-- KH8
042 ## - AUTHENTICATION CODE
Authentication code nbic
082 0# - DEWEY DECIMAL CLASSIFICATION NUMBER
Classification number 428.24 DOU
245 00 - TITLE STATEMENT
Title Reading Explorer.
Number of part/section of a work 5 /
Statement of responsibility, etc. Nancy Douglas, David Bohlke, Helen Huntley, Bruce Rogers, Paul MacIntyre.
250 ## - EDITION STATEMENT
Edition statement 2nd ed.
260 ## - PUBLICATION, DISTRIBUTION, ETC.
Place of publication, distribution, etc. Boston, MA :
Name of publisher, distributor, etc. National Geographic Learning/Cengage Learning,
Date of publication, distribution, etc. c2016.
300 ## - PHYSICAL DESCRIPTION
Extent 272 p. :
Other physical details ill. (some col.) ;
Dimensions 28 cm.
500 ## - GENERAL NOTE
General note At head of cover: National Geographic.
650 #0 - SUBJECT ADDED ENTRY--TOPICAL TERM
Topical term or geographic name entry element Reading comprehension.
650 #0 - SUBJECT ADDED ENTRY--TOPICAL TERM
Topical term or geographic name entry element Discoveries in geography.
650 #0 - SUBJECT ADDED ENTRY--TOPICAL TERM
Topical term or geographic name entry element Reading comprehension.
655 #0 - INDEX TERM--GENRE/FORM
Genre/form data or focus term Readers (Adult)
655 #0 - INDEX TERM--GENRE/FORM
Genre/form data or focus term Readers for new literates.
700 1# - ADDED ENTRY--PERSONAL NAME
Personal name Rogers, Bruce.
710 2# - ADDED ENTRY--CORPORATE NAME
Corporate name or jurisdiction name as entry element National Geographic Society (U.S.)
942 ## - ADDED ENTRY ELEMENTS (KOHA)
Source of classification or shelving scheme
Koha item type Teaching Resources
Holdings
Withdrawn status Lost status Source of classification or shelving scheme Damaged status Not for loan Collection code Permanent Location Current Location Shelving location Date acquired Total Checkouts Full call number Barcode Date due Date last seen Date last checked out Price effective from Koha item type
          Teaching Resources KH8 Senior School Library KH8 Senior School Library Staff Office 2024-01-08 2 428.24 DOU TRKHSL002229 2026-07-03 2025-08-20 2025-08-20 2024-01-08 Teaching Resources

Powered By KH8 IT Dept